| 000 | 00366nam a22001577a 4500 | ||
|---|---|---|---|
| 003 | SGT | ||
| 020 | _a9789387964884 | ||
| 082 |
_a615.1 _bN21H |
||
| 100 | _aHADUE, MD ROBIUL | ||
| 245 | _aTEXTBOOK ON NOVEL DRUG DELIVERY SYSTEM | ||
| 260 |
_aNEW DELHI _bCBS. PUB _c2021 |
||
| 300 | _a232 | ||
| 650 | _aDELIVERY SYSTEM | ||
| 653 | _aNOVEL DRUG | ||
| 942 |
_2ddc _cBK _032 |
||
| 999 |
_c22942 _d22942 |
||